| 000 | 00455cam a22001451 4500 | ||
|---|---|---|---|
| 082 |
_a810 _bADO _cL-29, P-94 |
||
| 100 | 0 |
_aAdolorata,Mary. _945904 |
|
| 245 | 1 | 4 |
_aThe growing years of American literature. _cAdolorata,Mary. |
| 260 |
_aNew York, _bCatholic Education Division, Macmillan _c[1961] |
||
| 300 |
_a318 p. _c21 cm. |
||
| 526 |
_a0 _b0 _c0 _d810_000000000000000_ADO |
||
| 650 | 0 |
_aAmerican literature. _945905 |
|
| 650 | 0 |
_aMCE _9379 |
|
| 942 |
_2ddc _cBK |
||
| 999 |
_c549308 _d549308 |
||